|
|
|
|
| LEADER |
00000nam a2200000 a 4500 |
| 005 |
2011091208228.0 |
| 008 |
091117s2009 sp 001 0 spa c |
| 020 |
|
|
|a 9788498497533
|
| 035 |
|
|
|a 5727
|
| 040 |
|
|
|a vLex
|
| 090 |
|
|
|c 2417
|d 2417
|
| 245 |
0 |
3 |
|a La norma jurd̕ica y fuentes del derecho
|h [Recurso electrn̤ico] :
|b cuaderno II /
|c Jos ̌Luis Argudo Přiz...[et al.]; coordinadora: Mara̕ ℓngeles Parra Lucǹ
|
| 256 |
|
|
|a Servicio en ln̕ea.
|
| 260 |
|
|
|a Madrid :
|b Dykinson,
|c DL2009
|
| 300 |
|
|
|a 204 p.
|
| 504 |
|
|
|a Bibliografa̕
|
| 506 |
1 |
|
|a Contenido solo disponible en los productos indicados
|d vLex Global
|d vLex Global (Academic Edition, excluding Law Schools)
|d vLex Global (U.S. Academic Edition, Law Schools)
|d vLex Global (U.S. Academic Edition, excluding Law Schools)
|d vLex Global (Academic Edition, Law Schools)
|
| 650 |
0 |
4 |
|a Norma jurd̕ica
|
| 650 |
0 |
4 |
|a Derecho
|x Fuentes
|
| 700 |
1 |
|
|a Argudo Přiz, Jos ̌Luis
|
| 700 |
1 |
|
|a Parra Lucǹ, Mara̕ ℓngeles
|
| 740 |
0 |
|
|a vLex Libros (Servicio en ln̕ea)
|
| 830 |
|
0 |
|a Cuadernos prc̀ticos Bolonia.
|p parte general;
|v 2
|
| 856 |
4 |
0 |
|u http://vlex.com/source/cuadernos-practicos-bolonia-parte-general-norma-juridica-fuentes-derecho-5727
|z Acceso restringido
|
| 942 |
|
|
|c BOOK
|